A Text book of Practicals in Electronics (Record no. 858)

MARC details
000 -LEADER
fixed length control field 00357nam a2200145Ia 4500
008 - FIXED-LENGTH DATA ELEMENTS--GENERAL INFORMATION
fixed length control field 191201s2003 xx 000 0 und d
082 ## - DEWEY DECIMAL CLASSIFICATION NUMBER
Classification number 621.3191
Item number JAT
100 ## - MAIN ENTRY--PERSONAL NAME
Personal name JAIN, N K
245 #2 - TITLE STATEMENT
Title A Text book of Practicals in Electronics
250 ## - EDITION STATEMENT
Edition statement 1st
260 ## - PUBLICATION, DISTRIBUTION, ETC. (IMPRINT)
Place of publication, distribution, etc N.Delhi
Name of publisher, distributor, etc Khanna Publisher
Date of publication, distribution, etc 2003
300 ## - PHYSICAL DESCRIPTION
Extent 196
650 ## - SUBJECT ADDED ENTRY--TOPICAL TERM
Topical term or geographic name as entry element B.Tech(ECE)
942 ## - ADDED ENTRY ELEMENTS (KOHA)
Source of classification or shelving scheme Dewey Decimal Classification
Koha item type Text Books
Holdings
Withdrawn status Lost status Source of classification or shelving scheme Damaged status Not for loan Collection code Home library Current library Date acquired Source of acquisition Cost, normal purchase price Bill Number Total Checkouts Full call number Acc. no. / Barcode Date last seen Bill Date Koha item type Date last borrowed
    Dewey Decimal Classification     B.Tech(ECE) PIET C-LIBRARY PIET C-LIBRARY 08/08/2006 M/s UBS Publishers, New Delhi 75.00 125415   621.3 JAT 366 04/12/2019 18/08/2005 Text Books  
    Dewey Decimal Classification     B.Tech(ECE) PIET C-LIBRARY PIET C-LIBRARY 08/08/2006 M/s UBS Publishers, New Delhi 75.00 125415   621.3 JAT 367 04/12/2019 18/08/2005 Text Books  
    Dewey Decimal Classification     B.Tech(ECE) PIET C-LIBRARY PIET C-LIBRARY 08/08/2006 M/s UBS Publishers, New Delhi 75.00 125415   621.3 JAT 368 04/12/2019 18/08/2005 Text Books  
    Dewey Decimal Classification     B.Tech(CSE) PIET C-LIBRARY PIET C-LIBRARY 08/08/2006 M/s UBS Publishers, New Delhi 75.00 125415 1 621.3 JAT 369 17/12/2022 18/08/2005 Text Books 13/12/2022

Design & Developed by: PIET Central Library
R70 Miles Stone Pattikalyana Samalkha Panipat 132102
mail ID :- [email protected], Phone No:- 0180-2569700 Ex.216